Normal view
MARC view
Entry Personal Name
001 - CONTROL NUMBER
- control field: 13648
003 - CONTROL NUMBER IDENTIFIER
- control field: dpl
005 - DATE AND TIME OF LATEST TRANSACTION
- control field: 20100814163020.0
008 - FIXED-LENGTH DATA ELEMENTS
- fixed length control field: 100814|||a|||||| | ||| d
040 ## - CATALOGING SOURCE
- Original cataloging agency: dpl
- Transcribing agency: dpl
100 ## - HEADING--PERSONAL NAME
- Personal name: Dutta, Madhumita
670 ## - SOURCE DATA FOUND
- Source citation: Work cat.: (dpl)41784: Dutta, Madhumita, Music and musical instruments of India /, 2008
670 ## - SOURCE DATA FOUND
- Source citation: Work cat.: (dpl)41784: Dutta, Madhumita, Music and musical instruments of India /, 2008
